The blob that ate everyone / (Record no. 1670)

MARC details
000 -LEADER
fixed length control field 00973cam a22002893a 4500
005 - DATE AND TIME OF LATEST TRANSACTION
control field 20240226133418.0
020 ## - INTERNATIONAL STANDARD BOOK NUMBER
International Standard Book Number 9781407157368
040 ## - CATALOGING SOURCE
Original cataloging agency EOW
Transcribing agency EOW
Modifying agency SLC
-- DLC
Language of cataloging eng
050 00 - LIBRARY OF CONGRESS CALL NUMBER
Classification number PZ7.S86037
082 ## - DEWEY DECIMAL CLASSIFICATION NUMBER
Classification number 813.54
100 1# - MAIN ENTRY--PERSONAL NAME
Personal name Stine, R. L
245 14 - TITLE STATEMENT
Title The blob that ate everyone /
Statement of responsibility, etc. R.L. Stine.
260 ## - PUBLICATION, DISTRIBUTION, ETC.
Place of publication, distribution, etc. New York :
Name of publisher, distributor, etc. Scholastic,
Date of publication, distribution, etc. 1997
300 ## - PHYSICAL DESCRIPTION
Extent 115 pages :
Dimensions 20 cm
Other physical details illustrations
490 1# - SERIES STATEMENT
Series statement Goosebumps
Volume/sequential designation Book 11
500 ## - GENERAL NOTE
General note "An Apple paperback."
500 ## - GENERAL NOTE
General note "A Parachute Press book."
505 ## - FORMATTED CONTENTS NOTE
Formatted contents note G <br/>
520 ## - SUMMARY, ETC.
Summary, etc. Zackie Beauchamp wants to be a famous horror author, but even he is frightened when everything he writes on the old typewriter he found in a burned-out antique store starts to come true.
521 ## - TARGET AUDIENCE NOTE
Target audience note 410 <br/>
Source Lexile <br/>
521 ## - TARGET AUDIENCE NOTE
Target audience note G <br/>
Source Raz-Plus <br/>
655 #7 - INDEX TERM--GENRE/FORM
Genre/form data or focus term Horror fiction.
Source of term gsafd
655 #7 - INDEX TERM--GENRE/FORM
Genre/form data or focus term Fantasy fiction.
Source of term gsafd
906 ## - LOCAL DATA ELEMENT F, LDF (RLIN)
a 7
b cbc
c copycat
d 2
e ncip
f 20
g y-genrareb
942 ## - ADDED ENTRY ELEMENTS (KOHA)
Source of classification or shelving scheme Dewey Decimal Classification
Koha item type Books
Suppress in OPAC No
999 ## -
-- 1670
-- 1670
Holdings
Withdrawn status Lost status Source of classification or shelving scheme Damaged status Not for loan Collection Home library Current library Shelving location Date acquired Total Checkouts Full call number Barcode Date last seen Date last checked out Copy number Price effective from Koha item type
    Dewey Decimal Classification     Juvenile Fiction Footprints International School Library Network Toul Kork Campus Footprints International School Library Network Toul Kork Campus   09/14/2023 2 STI Fic PZ7.S86037 FIS05362 01/29/2024 01/22/2024 1 09/14/2023 Books
    Dewey Decimal Classification     Fiction Footprints International School Library Network Toul Kork Campus Footprints International School Library Network Toul Kork Campus   02/26/2024 1 STI PZ7.S86037 813.54 2024-0109 09/17/2025 04/10/2025 2 02/26/2024 Books